000
00191 a2200097 4500
001
25868
100
_a
Eliot, G
245
_a
Middlemarch
260
_a
_b
Oxford
_c
1956
090
_c
17486
_d
17486
942
_a
NUST-CAE
_c
M
_c
8320
999
_c
260941
_d
260941